Guía para mediciones electrónicas y prácticas de laboratorio
Na minha lista:
| Autor principal: | |
|---|---|
| Formato: | Livro |
| Idioma: | espanhol |
| Publicado em: |
Englewood Cliffs
Prentice-Hall
1980
|
| Assuntos: | |
| Tags: |
Adicionar Tag
Sem tags, seja o primeiro a adicionar uma tag!
|
MARC
| LEADER | 00000nam a2200000 a 4500 | ||
|---|---|---|---|
| 001 | UCV6132 | ||
| 003 | CL-VaPUC | ||
| 008 | 880718e19800000US |||||||||||||||||spa|d | ||
| 082 | 0 | 4 | |a 621.37 |b WOL |2 21 |
| 100 | 0 | |a Wolf, Stanley |e author |9 300385 | |
| 245 | 1 | 0 | |a Guía para mediciones electrónicas y prácticas de laboratorio |
| 300 | |a 491 p | ||
| 942 | |c BK | ||
| 945 | |d 19880718 00:00:00 | ||
| 260 | |a Englewood Cliffs |b Prentice-Hall |c 1980 | ||
| 650 | 7 | |a ELECTRICIDAD MEDICIONES |2 CL-VaPUC |9 263137 | |
| 650 | 7 | |a ELECTRONICA MEDICIONES |2 CL-VaPUC |9 263138 | |
| 650 | 7 | |a ELECTRONICA APARATOS E INSTRUMENTOS |2 CL-VaPUC |9 263139 | |
| 650 | 7 | |a MEDICION INSTRUMENTOS |2 CL-VaPUC |9 262518 | |
| 583 | |a last modification |c 20120517 12:24:59 |k Rodrigo Vera | ||
| 999 | |c 212365 |d 212363 | ||
| 952 | |0 0 |1 0 |2 ddc |4 0 |6 621_370000000000000_WOL_1980 |7 0 |8 A |9 193250 |a BIBING |b BIBING |c RES |d 2019-11-14 |i 2609193 |o 621.37 WOL 1980 |p 2609193 |r 2025-01-20 |w 2019-11-14 |y BK |k EIE | ||
| 952 | |0 0 |1 0 |2 ddc |4 0 |6 621_370000000000000_WOL_1980 |7 0 |8 A |9 193251 |a BIBING |b BIBING |c RES |d 2019-11-14 |i 2609207 |o 621.37 WOL 1980 |p 2609207 |r 2025-01-20 |w 2019-11-14 |y BK |k EIE | ||
| 952 | |0 0 |1 0 |2 ddc |4 0 |6 621_370000000000000_WOL_1980 |7 0 |8 A |9 193252 |a BIBING |b BIBING |c RES |d 2019-11-14 |i 2609215 |o 621.37 WOL 1980 |p 2609215 |r 2025-01-20 |w 2019-11-14 |y BK |k EIE | ||
| 952 | |0 0 |1 0 |2 ddc |4 0 |6 621_370000000000000_WOL_1980 |7 0 |8 A |9 193253 |a BIBING |b BIBING |c RES |d 2019-11-14 |i 2609223 |o 621.37 WOL 1980 |p 2609223 |r 2025-01-20 |w 2019-11-14 |y BK |k EIE | ||